Principy a metody výstavby soustavy bilančních meziodvětvových modelů a jejich využití v národohospodářském plánování sborník

Enregistré dans:
Détails bibliographiques
Format: Livre
Langue:tchèque
Publié: Praha Výzkumný ústav plánování a řízení národního hospodářství 1982
Tags: Ajouter un tag
Pas de tags, Soyez le premier à ajouter un tag!

MARC

LEADER 00000nam a2200000 4500
001 c135083
005 20181203150505.4
041 0 |a cze 
044 |a CZ 
245 1 0 |a Principy a metody výstavby soustavy bilančních meziodvětvových modelů a jejich využití v národohospodářském plánování  |b sborník 
264 1 |a Praha  |b Výzkumný ústav plánování a řízení národního hospodářství  |c 1982 
300 |a 191 s.